Pedagogy and the shaping of consciousness: linguistics and social processes
Enregistré dans:
| Auteur principal: | |
|---|---|
| Format: | Livre |
| Langue: | anglais |
| Publié: |
Londres
Continuum
1999
|
| Collection: | Open Linguistics Series
|
| Sujets: | |
| Tags: |
Ajouter un tag
Pas de tags, Soyez le premier à ajouter un tag!
|
MARC
| LEADER | 00000nam a2200000 a 4500 | ||
|---|---|---|---|
| 001 | UCI7105 | ||
| 003 | CL-VaPUC | ||
| 008 | 080613e19990000UK |||||||||||||||||eng|d | ||
| 020 | |a 0304702285 | ||
| 082 | 0 | 4 | |a 306.43 |b CHR |2 21 |
| 100 | 0 | |a Christie, Frances |e author |9 530237 | |
| 245 | 1 | 0 | |a Pedagogy and the shaping of consciousness: linguistics and social processes |
| 300 | |a 296 p | ||
| 942 | |c BK | ||
| 945 | |d 20080613 00:00:00 |a rbrito | ||
| 260 | |a Londres |b Continuum |c 1999 | ||
| 650 | 0 | |a Sociología de la educación |9 260380 | |
| 650 | 0 | |a Sociolingüística |9 263716 | |
| 650 | 0 | |a Analfabetismo |9 324360 | |
| 650 | 0 | |a Lingüística |9 265068 | |
| 583 | |a last modification |c 20080613 00:00:00 |k Rodrigo Vera | ||
| 490 | 0 | |a Open Linguistics Series | |
| 999 | |c 330494 |d 330492 | ||
| 952 | |0 0 |1 0 |4 0 |6 306_430000000000000_CHR_1999 |7 0 |8 A |9 416061 |a FDOPOS |b FDOPOS |d 2019-11-22 |i 4448146 |o 306.43 CHR 1999 |p 4448146 |r 2025-01-22 |w 2019-11-22 |y BK |k MLA | ||